00301nam a2200133Ia 45000030006000000080041000060400015000471000020000622450014000822600038000963000006001345460010001400050017001500STCL150530s9999 xx 000 0 und d aSTCLcSTCL aUpendranat Ashk aGarm Rakh bNeelab Prakashan; Allahabadc1952 a0 aHindi20220125171228.0